[Event "DLM 2011"]
[Site "Xanten GER"]
[Date "2011.11.02"]
[Round "6"]
[White "Rethmann, Kristin"]
[Black "Zeller, Elisa"]
[Result "0-1"]
[Termination "normal"]
[Board "1.6"]
[WhiteElo "1820"]
[BlackElo "1778"]
[WhiteTeam "Niedersachsen"]
[BlackTeam "Württemberg"]
[PlyCount "48"]
[WhiteFideId "24655805"]
[BlackFideId "24662410"]
[EventCountry "GER"]
[EventRounds "7"]
[EventType "team-swiss"]
[EventDate "2011.10.30"]

1. e4 d5 2. exd5 Nf6 3. Nc3 Nxd5 4. Bc4 c6 5. d4 e6 6. Nf3 Be7 7. O-O O-O 8.
Ne5 Nd7 9. f4 N7b6 10. Bd3 c5 11. Nxd5 Nxd5 12. dxc5 Bxc5+ 13. Kh1 Nb4 14. Rf3
Nxd3 15. Rxd3 Qf6 16. Qf3 Rd8 17. Be3 Rxd3 18. Nxd3 Bxe3 19. Qxe3 b6 20. Qe4
Rb8 21. Qa4 Qe7 22. Rd1 b5 23. Qa5 Bb7 24. Nc5 Qxc5 0-1

[Event "DLM 2011"]
[Site "Xanten GER"]
[Date "2011.11.02"]
[Round "6"]
[White "Rausch, Adrian"]
[Black "Sieber, Fiona"]
[Result "0-1"]
[Termination "normal"]
[Board "1.7"]
[WhiteElo "1667"]
[BlackElo "1720"]
[WhiteTeam "Württemberg"]
[BlackTeam "Niedersachsen"]
[PlyCount "94"]
[WhiteFideId "12929069"]
[BlackFideId "12902373"]
[EventCountry "GER"]
[EventRounds "7"]
[EventType "team-swiss"]
[EventDate "2011.10.30"]

1. d4 Nf6 2. c4 e6 3. g3 d5 4. Nf3 Nbd7 5. b3 Bb4+ 6. Bd2 Be7 7. Bg2 c6 8. O-O
Ne4 9. Nc3 Nxd2 10. Nxd2 O-O 11. e4 Bb4 12. Qc2 Qa5 13. Ndb1 dxe4 14. Nxe4 e5
15. Ng5 f5 16. d5 e4 17. a3 Be7 18. Ne6 Rf6 19. Rd1 Ne5 20. Nd4 cxd5 21. cxd5
Bd7 22. Nd2 Qxd5 23. Nxf5 Bxf5 24. Bxe4 Qf7 25. Bxf5 Rxf5 26. Ne4 Qe6 27. Kg2
Rc8 28. Qd2 Rff8 29. Qd5 Qxd5 30. Rxd5 Nc6 31. b4 Rfd8 32. Rad1 Rxd5 33. Rxd5
Rd8 34. Rxd8+ Nxd8 35. Kf3 Ne6 36. Ke3 Kf7 37. f4 Ke8 38. Kd3 Kd7 39. Kc4 Nc7
40. a4 Ne8 41. Nc5+ Bxc5 42. Kxc5 b6+ 43. Kd4 Kd6 44. f5 Nf6 45. b5 h6 46. h3
Nh5 47. g4 Nf6 0-1

[Event "DLM 2011"]
[Site "Xanten GER"]
[Date "2011.11.02"]
[Round "6"]
[White "Rätzke von Stoventin, Steffen"]
[Black "Lederer, Leia"]
[Result "1-0"]
[Termination "normal"]
[Board "1.8"]
[WhiteElo "1712"]
[BlackElo "1160"]
[WhiteTeam "Niedersachsen"]
[BlackTeam "Württemberg"]
[PlyCount "97"]
[WhiteFideId "1270499"]
[BlackFideId "12926353"]
[EventCountry "GER"]
[EventRounds "7"]
[EventType "team-swiss"]
[EventDate "2011.10.30"]

1. e4 e5 2. Nf3 Nc6 3. Nc3 Nf6 4. Bb5 a6 5. Bxc6 dxc6 6. Nxe5 Nxe4 7. Qf3 Nf6
8. O-O Bd6 9. Re1 O-O 10. Nc4 Re8 11. Rxe8+ Qxe8 12. Qe3 Bd7 13. d3 Qd8 14. h3
b5 15. Na5 Rb8 16. Qf3 Qe8 17. Bg5 Qe6 18. Bxf6 Re8 19. Ne4 Be5 20. Nc5 Qd6 21.
Nxd7 Qxd7 22. Bxe5 Rxe5 23. Qxc6 Qc8 24. Qb7 Qe8 25. Nc6 Re1+ 26. Rxe1 Qxe1+
27. Kh2 h6 28. f3 Qh4 29. Qxc7 Kh7 30. Qxf7 Qg5 31. f4 Qc5 32. Ne7 Qxe7 33.
Qxe7 b4 34. f5 b3 35. axb3 a5 36. f6 Kg6 37. Qxg7+ Kf5 38. g4+ Kf4 39. f7 a4
40. f8=R+ Ke3 41. Qe5+ Kd2 42. Rf2+ Kd1 43. Qe2+ Kc1 44. Qe1+ Kxb2 45. c4+ Kxb3
46. Qc1 Kb4 47. Rf5 a3 48. Rb5+ Ka4 49. Qc2# 1-0

[Event "DLM 2011"]
[Site "Xanten GER"]
[Date "2011.11.02"]
[Round "6"]
[White "Hirschberg, Valerian"]
[Black "Savchenko, Aleksij"]
[Result "1/2-1/2"]
[Termination "normal"]
[Board "2.1"]
[WhiteElo "2225"]
[BlackElo "2251"]
[WhiteTeam "Baden"]
[BlackTeam "Nordrhein-Westfalen 1"]
[PlyCount "34"]
[WhiteFideId "24628492"]
[BlackFideId "24611727"]
[EventCountry "GER"]
[EventRounds "7"]
[EventType "team-swiss"]
[EventDate "2011.10.30"]

1. Nf3 Nf6 2. c4 e6 3. g3 d5 4. Bg2 Be7 5. O-O O-O 6. d4 dxc4 7. Qc2 a6 8. a4
Bd7 9. Qxc4 Bc6 10. Bg5 Bd5 11. Qd3 c5 12. Nc3 cxd4 13. Nxd4 Bxg2 14. Kxg2 Nbd7
15. Rfd1 h6 16. Bxf6 Nxf6 17. Qf3 Qc7 1/2-1/2

[Event "DLM 2011"]
[Site "Xanten GER"]
[Date "2011.11.02"]
[Round "6"]
[White "Kahleys, Kevin"]
[Black "Haag, Gregor"]
[Result "1-0"]
[Termination "normal"]
[Board "2.2"]
[WhiteElo "2157"]
[BlackElo "2065"]
[WhiteTeam "Nordrhein-Westfalen 1"]
[BlackTeam "Baden"]
[PlyCount "126"]
[WhiteFideId "24669601"]
[BlackFideId "24680931"]
[EventCountry "GER"]
[EventRounds "7"]
[EventType "team-swiss"]
[EventDate "2011.10.30"]

1. d4 d5 2. c4 e6 3. g3 Nf6 4. Nf3 Be7 5. Bg2 O-O 6. O-O b6 7. cxd5 exd5 8. Nc3
Bb7 9. Bf4 Nbd7 10. Rc1 c5 11. dxc5 bxc5 12. Nh4 Nb6 13. Nf5 Qd7 14. Nxe7+ Qxe7
15. Na4 Nfd7 16. Nc3 Nf6 17. Qb3 Bc6 18. Rfd1 h6 19. a4 c4 20. Qc2 Qb4 21. a5
Qxa5 22. Bd6 Qa6 23. Bxf8 Rxf8 24. Rd4 Qb7 25. e4 dxe4 26. Nxe4 Nxe4 27. Bxe4
Re8 28. Bxc6 Qxc6 29. Rcd1 Qf6 30. Qd2 Kh7 31. Qa5 Qf3 32. Re1 Rxe1+ 33. Qxe1
Qf6 34. Qe4+ g6 35. h4 h5 36. Kg2 Kg7 37. Rd2 c3 38. bxc3 Qxc3 39. Rd3 Qc5 40.
Qd4+ Qxd4 41. Rxd4 a5 42. Rd6 Nc4 43. Rc6 Ne5 44. Rc5 Ng4 45. Rxa5 Kh7 46. f3
Nf6 47. Kf2 Kg7 48. Ke3 Ng8 49. Kf4 Ne7 50. Rc5 Kf6 51. g4 hxg4 52. fxg4 Kg7
53. Ke5 Ng8 54. Kf4 Ne7 55. Kg5 Ng8 56. h5 f6+ 57. Kh4 gxh5 58. Kxh5 Nh6 59.
Rc7+ Nf7 60. Ra7 Kf8 61. Kg6 Ne5+ 62. Kf5 Kg8 63. g5 fxg5 1-0

[Event "DLM 2011"]
[Site "Xanten GER"]
[Date "2011.11.02"]
[Round "6"]
[White "Noe, Christopher"]
[Black "Tran, Duc Cuong"]
[Result "1/2-1/2"]
[Termination "normal"]
[Board "2.3"]
[WhiteElo "2067"]
[BlackElo "2034"]
[WhiteTeam "Baden"]
[BlackTeam "Nordrhein-Westfalen 1"]
[PlyCount "22"]
[WhiteFideId "24692018"]
[BlackFideId "24689718"]
[EventCountry "GER"]
[EventRounds "7"]
[EventType "team-swiss"]
[EventDate "2011.10.30"]

1. Nf3 Nf6 2. g3 g6 3. Bg2 Bg7 4. O-O O-O 5. d3 d6 6. e4 e5 7. Nc3 Nbd7 8. Ne1
c6 9. f4 b5 10. h3 Bb7 11. f5 b4 1/2-1/2

[Event "DLM 2011"]
[Site "Xanten GER"]
[Date "2011.11.02"]
[Round "6"]
[White "Schröder, Kevin"]
[Black "Töws, Manuel"]
[Result "1/2-1/2"]
[Termination "normal"]
[Board "2.4"]
[WhiteElo "2042"]
[BlackElo "1988"]
[WhiteTeam "Nordrhein-Westfalen 1"]
[BlackTeam "Baden"]
[PlyCount "109"]
[WhiteFideId "12929840"]
[BlackFideId "24654485"]
[EventCountry "GER"]
[EventRounds "7"]
[EventType "team-swiss"]
[EventDate "2011.10.30"]

1. e4 c5 2. Nf3 d6 3. d4 cxd4 4. Nxd4 Nf6 5. Nc3 a6 6. h3 b5 7. g4 Bb7 8. Bg2
e6 9. g5 Nfd7 10. O-O Be7 11. f4 Nc6 12. Nxc6 Bxc6 13. f5 Qb6+ 14. Kh2 Ne5 15.
Bf4 O-O-O 16. fxe6 fxe6 17. Bxe5 dxe5 18. Qg4 Bd7 19. Rf7 Bf8 20. Rd1 b4 21.
Nb1 Be8 22. Rxd8+ Kxd8 23. Rf1 Bc5 24. Nd2 Bd4 25. Rd1 Ke7 26. g6 Bxg6 27. c3
bxc3 28. bxc3 Bxc3 29. Nc4 Qc7 30. Qg5+ Ke8 31. Nd6+ Kf8 32. Nb5 axb5 33. Rd8+
Kf7 34. Rxh8 Qe7 35. Qg3 b4 36. h4 Bd2 37. Qf3+ Bf4+ 38. Kh3 h5 39. Bf1 Qc5 40.
Qd3 Qe3+ 41. Qxe3 Bxe3 42. Bd3 Ke7 43. Rb8 Bd2 44. Kg2 Be8 45. Kf2 Ba4 46. Ke2
Bc3 47. Bc4 Bc2 48. Bd3 Ba4 49. Rb6 Kf6 50. Bc4 Bd7 51. Rd6 Ke7 52. Ra6 Kf6 53.
Kf3 Be1 54. Ra7 Bc6 55. Ra6 1/2-1/2

[Event "DLM 2011"]
[Site "Xanten GER"]
[Date "2011.11.02"]
[Round "6"]
[White "Kuckling, Hannah"]
[Black "Riehle, Marco"]
[Result "0-1"]
[Termination "normal"]
[Board "2.6"]
[WhiteElo "1782"]
[BlackElo "1753"]
[WhiteTeam "Nordrhein-Westfalen 1"]
[BlackTeam "Baden"]
[PlyCount "70"]
[WhiteFideId "24603660"]
[BlackFideId "12904392"]
[EventCountry "GER"]
[EventRounds "7"]
[EventType "team-swiss"]
[EventDate "2011.10.30"]

1. e4 e5 2. Nf3 Nc6 3. Bb5 f5 4. exf5 Bc5 5. Nc3 Nf6 6. d3 O-O 7. Bg5 Qe8 8.
Bxf6 gxf6 9. Qd2 a6 10. Bc4+ Kh8 11. O-O-O Nd4 12. Nxd4 Bxd4 13. g4 c6 14. h4
b5 15. Bb3 a5 16. a4 bxa4 17. Nxa4 Rb8 18. Rdg1 d5 19. Rg2 c5 20. Qh6 e4 21.
dxe4 c4 22. Ba2 Rg8 23. Nc3 a4 24. Nd1 Qxe4 25. Rhg1 a3 26. Rg3 Qe5 27. Rxa3
Bxb2+ 28. Nxb2 Qxb2+ 29. Kd1 Bxf5 30. Rgg3 Bxc2+ 31. Ke1 Qa1+ 32. Kd2 Qd1+ 33.
Kc3 Bg6 34. Bxc4 Qc2+ 35. Kd4 Qxc4+ 0-1

[Event "DLM 2011"]
[Site "Xanten GER"]
[Date "2011.11.02"]
[Round "6"]
[White "Wiesner, Paula"]
[Black "Gordeeva, Vitalia"]
[Result "1-0"]
[Termination "normal"]
[Board "2.7"]
[WhiteElo "1780"]
[BlackElo "1715"]
[WhiteTeam "Baden"]
[BlackTeam "Nordrhein-Westfalen 1"]
[PlyCount "57"]
[WhiteFideId "24654019"]
[BlackFideId "24688053"]
[EventCountry "GER"]
[EventRounds "7"]
[EventType "team-swiss"]
[EventDate "2011.10.30"]

1. d4 d5 2. c4 e6 3. Nc3 Nf6 4. cxd5 exd5 5. Bg5 Be7 6. e3 O-O 7. Qc2 c6 8. Bd3
Nbd7 9. Nge2 Re8 10. O-O Nf8 11. f3 Nh5 12. Bxe7 Rxe7 13. e4 dxe4 14. fxe4 Nf6
15. Qd2 Bg4 16. e5 Nd5 17. Ne4 Qb6 18. Kh1 Rd8 19. Nd6 Ne6 20. Bf5 Bxe2 21.
Qxe2 Nxd4 22. Bxh7+ Kxh7 23. Qh5+ Kg8 24. Nxf7 Rxf7 25. Qxf7+ Kh7 26. e6 Qc5
27. Rae1 Ne7 28. Rd1 a6 29. Rf3 1-0

[Event "DLM 2011"]
[Site "Xanten GER"]
[Date "2011.11.02"]
[Round "6"]
[White "Sherif, Amina"]
[Black "Steimbach, Isabel"]
[Result "0-1"]
[Termination "normal"]
[Board "2.8"]
[BlackTitle "Nr9"]
[WhiteElo "1509"]
[BlackElo "1602"]
[WhiteTeam "Nordrhein-Westfalen 1"]
[BlackTeam "Baden"]
[PlyCount "100"]
[WhiteFideId "12911690"]
[BlackFideId "24692174"]
[EventCountry "GER"]
[EventRounds "7"]
[EventType "team-swiss"]
[EventDate "2011.10.30"]

1. e4 e5 2. Nf3 d6 3. d4 exd4 4. Nxd4 Nf6 5. Nc3 Be7 6. Bc4 O-O 7. O-O Re8 8.
Re1 Nbd7 9. Nf5 Bf8 10. Ng3 c6 11. Be3 Ne5 12. Bb3 Nfg4 13. Bd2 Be6 14. Bxe6
Rxe6 15. Qe2 Nf6 16. Bg5 h6 17. Bf4 Qc7 18. Rad1 Rd8 19. a3 Ree8 20. Nh5 Nxh5
21. Qxh5 Ng6 22. Bg3 a6 23. Qf5 Qd7 24. Qxd7 Rxd7 25. Na4 d5 26. exd5 Rxd5 27.
Nc3 Rxe1+ 28. Rxe1 Rd2 29. Re2 Rxe2 30. Nxe2 Bc5 31. Kf1 Kf8 32. Ke1 Ke7 33.
Kd2 Bd6 34. Bxd6+ Kxd6 35. f3 Nh4 36. Ng3 Ke6 37. Ne4 Kd7 38. Ng3 g6 39. Ke3
Nxg2+ 40. Kd4 Ne1 41. Kc3 Nxf3 42. h3 Ng1 43. h4 h5 44. Kd4 Nf3+ 45. Ke4 Nxh4
46. Kf4 Ng2+ 47. Kf3 Ne1+ 48. Kf4 Nxc2 49. Ne4 Nd4 50. Ng5 Ne6+ 0-1

[Event "DLM 2011"]
[Site "Xanten GER"]
[Date "2011.11.02"]
[Round "6"]
[White "Grünter, Martin"]
[Black "Mazarov, Jürgen"]
[Result "1/2-1/2"]
[Termination "normal"]
[Board "3.1"]
[WhiteElo "2242"]
[BlackElo "2129"]
[WhiteTeam "Rheinland-Pfalz"]
[BlackTeam "Nordrhein-Westfalen 2"]
[PlyCount "45"]
[WhiteFideId "24640352"]
[BlackFideId "24617768"]
[EventCountry "GER"]
[EventRounds "7"]
[EventType "team-swiss"]
[EventDate "2011.10.30"]

1. e4 e5 2. Nf3 Nf6 3. Nxe5 d6 4. Nf3 Nxe4 5. Nc3 Nxc3 6. dxc3 Be7 7. Be3 Nc6
8. Qd2 Be6 9. O-O-O Qd7 10. h4 a6 $11 11. Kb1 h6 12. Nd4 Nxd4 13. Bxd4 Rg8 14.
c4 O-O-O 15. Qc3 g5 16. hxg5 hxg5 17. Bd3 Bf5 18. Rde1 Rde8 19. a3 Bd8 20. Rd1
Bxd3 21. Qxd3 Rg6 22. Rh7 Qe6 23. Rdh1 1/2-1/2

[Event "DLM 2011"]
[Site "Xanten GER"]
[Date "2011.11.02"]
[Round "6"]
[White "Kremser, Michael"]
[Black "Carow, Johannes"]
[Result "1-0"]
[Termination "normal"]
[Board "3.2"]
[WhiteElo "2048"]
[BlackElo "2172"]
[WhiteTeam "Nordrhein-Westfalen 2"]
[BlackTeam "Rheinland-Pfalz"]
[PlyCount "75"]
[WhiteFideId "1270131"]
[BlackFideId "24692050"]
[EventCountry "GER"]
[EventRounds "7"]
[EventType "team-swiss"]
[EventDate "2011.10.30"]

1. d4 Nf6 2. c4 c5 3. d5 b5 4. cxb5 a6 5. bxa6 g6 6. Nc3 Bxa6 7. e4 Bxf1 8.
Kxf1 d6 9. g3 Bg7 10. Nf3 O-O 11. Kg2 Nbd7 12. Qc2 Ra6 13. a4 Qa8 14. Nb5 Qb7
15. Bd2 e6 16. Bf4 exd5 17. exd5 Nxd5 18. Bxd6 Rc8 19. Rhe1 N7f6 20. Rad1 c4
21. Kg1 Nb6 22. Nfd4 Nxa4 23. Re7 Qd5 24. Re5 Qb7 25. Rde1 Qd7 26. Re7 Qh3 27.
Nf3 h6 28. Ne5 Ng4 29. Nxg4 Qxg4 30. Re8+ Rxe8 31. Rxe8+ Kh7 32. Re7 Nxb2 33.
Rxf7 Ra1+ 34. Kg2 Nd3 35. Rxg7+ Kh8 36. Re7 Rc1 37. Qd2 Qh5 38. Nc7 1-0

[Event "DLM 2011"]
[Site "Xanten GER"]
[Date "2011.11.02"]
[Round "6"]
[White "Yankelevich, Lev"]
[Black "Glatzel, Jonas"]
[Result "1/2-1/2"]
[Termination "normal"]
[Board "3.3"]
[WhiteElo "2072"]
[BlackElo "1906"]
[WhiteTeam "Rheinland-Pfalz"]
[BlackTeam "Nordrhein-Westfalen 2"]
[PlyCount "66"]
[WhiteFideId "24684074"]
[BlackFideId "12937800"]
[EventCountry "GER"]
[EventRounds "7"]
[EventType "team-swiss"]
[EventDate "2011.10.30"]

1. e4 c5 2. Nf3 Nc6 3. d4 cxd4 4. Nxd4 Nf6 5. Nc3 e5 6. Ndb5 d6 7. Bg5 a6 8.
Na3 b5 9. Nd5 Be7 10. Bxf6 Bxf6 11. c3 Bg5 12. Nc2 O-O 13. a4 bxa4 14. Rxa4 a5
15. Bc4 Kh8 16. O-O Rb8 17. Ra2 g6 18. Nce3 f5 19. exf5 gxf5 20. f4 exf4 21.
Nc2 Ne5 22. Be2 Be6 23. c4 Bxd5 24. Qxd5 f3 25. Bxf3 Qb6+ 26. c5 Qxc5+ 27. Qxc5
dxc5 28. Rxa5 Rxb2 29. Rxc5 Ng6 $11 30. Bd1 Rb1 31. Bf3 Rb2 32. Bd1 Rb1 33. Bf3
Rb2 1/2-1/2

[Event "DLM 2011"]
[Site "Xanten GER"]
[Date "2011.11.02"]
[Round "6"]
[White "Flüchter, Gregor"]
[Black "Perske, Thore"]
[Result "1/2-1/2"]
[Termination "normal"]
[Board "3.4"]
[WhiteElo "1895"]
[BlackElo "1909"]
[WhiteTeam "Nordrhein-Westfalen 2"]
[BlackTeam "Rheinland-Pfalz"]
[PlyCount "50"]
[WhiteFideId "12903396"]
[BlackFideId "12902195"]
[EventCountry "GER"]
[EventRounds "7"]
[EventType "team-swiss"]
[EventDate "2011.10.30"]

1. e4 e6 2. d4 d5 3. Nd2 a6 4. Bd3 Nf6 5. c3 c5 6. Ngf3 Nc6 7. O-O Be7 8. exd5
Qxd5 9. Bc4 Qd8 10. dxc5 Bxc5 11. Qc2 O-O 12. Ne4 Be7 13. Bd3 Nd5 14. Qe2 Qc7
15. Nfg5 f5 16. Ng3 Bxg5 17. Bxg5 h6 18. Bd2 e5 19. Rad1 Be6 20. Bc1 Rad8 21.
a3 Rd7 22. Qh5 Nf6 23. Qe2 Nd5 24. Qh5 Nf6 25. Qe2 Nd5 1/2-1/2

[Event "DLM 2011"]
[Site "Xanten GER"]
[Date "2011.11.02"]
[Round "6"]
[White "Bauer, Björn-Benny"]
[Black "Rosenfeld, Elisabeth"]
[Result "1-0"]
[Termination "normal"]
[Board "3.5"]
[WhiteTitle "Nr6"]
[WhiteElo "1922"]
[BlackElo "1745"]
[WhiteTeam "Rheinland-Pfalz"]
[BlackTeam "Nordrhein-Westfalen 2"]
[PlyCount "39"]
[WhiteFideId "24698741"]
[BlackFideId "4624742"]
[EventCountry "GER"]
[EventRounds "7"]
[EventType "team-swiss"]
[EventDate "2011.10.30"]

1. e4 c5 2. c3 Nc6 3. d4 cxd4 4. cxd4 Nf6 5. Nc3 d6 6. Nf3 Bg4 7. Be2 e5 8. d5
Bxf3 9. Bxf3 Ne7 10. Bg5 Nd7 11. O-O Qb6 12. Qa4 f5 13. Be3 Qa6 14. Qb3 Nc5 15.
Bxc5 dxc5 16. Nb5 Rc8 17. d6 c4 18. Qb4 Ng6 19. Nc7+ Rxc7 20. dxc7 1-0

[Event "DLM 2011"]
[Site "Xanten GER"]
[Date "2011.11.02"]
[Round "6"]
[White "Buckels, Valentin"]
[Black "Schwarz, Larissa"]
[Result "1/2-1/2"]
[Termination "normal"]
[Board "3.6"]
[WhiteElo "1699"]
[BlackElo "1807"]
[WhiteTeam "Nordrhein-Westfalen 2"]
[BlackTeam "Rheinland-Pfalz"]
[PlyCount "80"]
[WhiteFideId "12942766"]
[BlackFideId "24699004"]
[EventCountry "GER"]
[EventRounds "7"]
[EventType "team-swiss"]
[EventDate "2011.10.30"]

1. d4 Nf6 2. c4 g6 3. Nf3 Bg7 4. g3 O-O 5. Bg2 d5 6. cxd5 Nxd5 7. O-O Nc6 8.
Nc3 Nb6 9. e3 Bg4 10. Qc2 Qd7 11. Ng5 h6 12. Nge4 Bf5 13. Qe2 Rad8 14. Nc5 Qc8
15. d5 Ne5 16. e4 Bg4 17. f3 Bd7 18. Qc2 c6 19. Nxd7 Qxd7 20. Rd1 cxd5 21. Nxd5
Nxd5 22. Rxd5 Qc6 23. Qxc6 Nxc6 24. Be3 Nb4 25. Rb5 Nc2 26. Rb1 Nxe3 27. Rxb7
Bd4 28. Kh1 e5 29. b4 Rb8 30. Rd7 Rfd8 31. Re7 Kf8 32. Rc7 Rdc8 33. Rd7 Nxg2
34. Kxg2 Rc2+ 35. Kh3 Rxa2 36. f4 exf4 37. Rxd4 fxg3 38. hxg3 Ra4 39. Rd7 Raxb4
40. Rf1 Rxe4 1/2-1/2

[Event "DLM 2011"]
[Site "Xanten GER"]
[Date "2011.11.02"]
[Round "6"]
[White "Röhlich, Anna"]
[Black "Bork, Sophie"]
[Result "0-1"]
[Termination "normal"]
[Board "3.7"]
[WhiteElo "1526"]
[BlackElo "1488"]
[WhiteTeam "Rheinland-Pfalz"]
[BlackTeam "Nordrhein-Westfalen 2"]
[PlyCount "100"]
[BlackFideId "12905429"]
[EventCountry "GER"]
[EventRounds "7"]
[EventType "team-swiss"]
[EventDate "2011.10.30"]

1. e4 e5 2. Nf3 Nf6 3. Nxe5 d6 4. Nf3 Nxe4 5. Nc3 Nxc3 6. dxc3 Be7 7. Be3 O-O
8. Qd2 Bg4 9. O-O-O Nd7 10. h4 Nc5 11. Be2 c6 12. c4 a5 13. Bg5 f6 14. Be3 a4
15. a3 Qa5 16. Qxa5 Rxa5 17. Nd4 Bxe2 18. Nxe2 f5 19. f3 Nd7 20. f4 Nf6 21. Bd2
Raa8 22. Nc3 Ng4 23. Rdf1 Rfe8 24. Nd1 Bf6 25. Re1 Rxe1 26. Bxe1 Re8 27. g3 Re4
28. b3 axb3 29. cxb3 Bd4 30. Kd2 Bf6 31. Nf2 Nxf2 32. Bxf2 Kf7 33. Kd3 Ke6 34.
Re1 Rxe1 35. Bxe1 d5 36. Bf2 g6 37. Bd4 Be7 38. b4 dxc4+ 39. Kxc4 b5+ 40. Kd3
Kd5 41. Bc3 Bd8 42. Bd4 Bc7 43. Be3 Bd8 44. Bd4 h5 45. Bc3 Bb6 46. Be1 Bd4 47.
Bc3 Bf2 48. Bf6 Bxg3 49. Bg5 Bf2 50. Be7 Bd4 0-1

[Event "DLM 2011"]
[Site "Xanten GER"]
[Date "2011.11.02"]
[Round "6"]
[White "Gatzke, Carolin"]
[Black "Sanati, Charlotte"]
[Result "1/2-1/2"]
[Termination "normal"]
[Board "3.8"]
[WhiteElo "1409"]
[BlackElo "1421"]
[WhiteTeam "Nordrhein-Westfalen 2"]
[BlackTeam "Rheinland-Pfalz"]
[PlyCount "87"]
[WhiteFideId "12943746"]
[BlackFideId "12907707"]
[EventCountry "GER"]
[EventRounds "7"]
[EventType "team-swiss"]
[EventDate "2011.10.30"]

1. e4 e6 2. d4 d5 3. e5 c5 4. c3 Nc6 5. g3 Qb6 6. Ne2 Bd7 7. Bh3 cxd4 8. cxd4
Bb4+ 9. Nbc3 Nge7 10. O-O Ng6 11. a3 Bxc3 12. bxc3 Qd8 13. Re1 h5 14. Bg2 h4
15. h3 hxg3 16. fxg3 Nce7 17. g4 Nh4 18. Ng3 Nxg2 19. Kxg2 g6 20. Bg5 Bb5 21.
Rb1 Ba6 22. Qf3 Qc7 23. Qf6 Rh7 24. Ne2 Nc6 25. Qf3 Na5 26. Rbc1 Nb3 27. Rb1
Na5 28. Nc1 Nc4 29. Qd1 Nxa3 30. Qa4+ Nb5 31. Rxb5 Bxb5 32. Qxb5+ Qd7 33. Qb4
a5 34. Qa3 b6 35. Ne2 Rc8 36. Rb1 Rc6 37. Bf6 Qa7 38. Qa4 Qd7 39. Qa3 Qa7 40.
Bg5 Rh8 41. Nf4 Qc7 42. Ne2 Qa7 43. Nf4 Qc7 44. Ne2 1/2-1/2

[Event "DLM 2011"]
[Site "Xanten GER"]
[Date "2011.11.02"]
[Round "6"]
[White "Hahn, Markus"]
[Black "Bräuer, Franz"]
[Result "1/2-1/2"]
[Termination "normal"]
[Board "4.1"]
[WhiteElo "2167"]
[BlackElo "2172"]
[WhiteTeam "Hessen"]
[BlackTeam "Thüringen"]
[PlyCount "63"]
[WhiteFideId "24654647"]
[BlackFideId "24634468"]
[EventCountry "GER"]
[EventRounds "7"]
[EventType "team-swiss"]
[EventDate "2011.10.30"]

1. d4 g6 2. c4 c5 3. d5 b5 4. Nf3 Bg7 5. e4 d6 6. cxb5 a6 7. Nc3 Nf6 8. h3 O-O
9. a4 axb5 10. Bxb5 Ba6 11. Nd2 Bxb5 12. Nxb5 Na6 13. Qe2 e6 14. dxe6 fxe6 15.
e5 dxe5 16. O-O Nc7 17. Nxc7 Qxc7 18. Nc4 Nd5 19. Re1 Rf5 20. Ne3 Rf7 21. Qc4
Qc6 22. Nd1 Nb6 23. Qe4 Nd5 24. Qc4 Nf4 25. Qe4 Qxe4 26. Rxe4 Nd3 27. Be3 Rb7
28. a5 Ra6 29. Ra3 Rd7 30. Kf1 Nf4 31. Nc3 Nd3 32. Nd1 1/2-1/2

[Event "DLM 2011"]
[Site "Xanten GER"]
[Date "2011.11.02"]
[Round "6"]
[White "Hoffmann, Tim"]
[Black "Keller, Peter"]
[Result "1-0"]
[Termination "normal"]
[Board "4.4"]
[WhiteElo "1881"]
[BlackElo "1957"]
[WhiteTeam "Thüringen"]
[BlackTeam "Hessen"]
[PlyCount "47"]
[WhiteFideId "12900338"]
[BlackFideId "1272105"]
[EventCountry "GER"]
[EventRounds "7"]
[EventType "team-swiss"]
[EventDate "2011.10.30"]

1. e4 c5 2. Nf3 Nc6 3. d4 cxd4 4. Nxd4 Nf6 5. Nc3 e5 6. Ndb5 d6 7. Bg5 a6 8.
Na3 b5 9. Bxf6 gxf6 10. Nd5 Bg7 11. c3 O-O 12. Bd3 Be6 13. Ne3 Ne7 14. O-O Qd7
15. c4 Rab8 16. Qe2 b4 17. Nac2 Ng6 18. g3 Ne7 19. Nd5 Bxd5 20. cxd5 f5 21.
exf5 Nxd5 22. Bxa6 Ne7 23. Ne3 Nxf5 24. Qg4 1-0

[Event "DLM 2011"]
[Site "Xanten GER"]
[Date "2011.11.02"]
[Round "6"]
[White "Schmalhorst, Sophia"]
[Black "Nguyen, Huy Dat"]
[Result "1-0"]
[Termination "normal"]
[Board "4.5"]
[WhiteElo "1879"]
[BlackElo "1733"]
[WhiteTeam "Hessen"]
[BlackTeam "Thüringen"]
[PlyCount "97"]
[WhiteFideId "24682497"]
[BlackFideId "12923486"]
[EventCountry "GER"]
[EventRounds "7"]
[EventType "team-swiss"]
[EventDate "2011.10.30"]

1. e4 c5 2. Nf3 Nc6 3. d4 cxd4 4. Nxd4 g6 5. Nc3 Bg7 6. Nb3 Nf6 7. Be2 O-O 8.
Bg5 a5 9. a4 h6 10. Bh4 d6 11. O-O Nb4 12. Re1 Be6 13. Nd4 Bd7 14. Bf1 g5 15.
Bg3 Nc6 16. Ndb5 Qb6 17. Nd5 Nxd5 18. exd5 Ne5 19. c3 Bg4 20. Qd2 f5 21. Bxe5
Bxe5 22. Be2 Rf7 23. h3 Bxe2 24. Qxe2 Raf8 25. Qe3 Qxe3 26. Rxe3 g4 27. Rd3 Rg7
28. Nc7 gxh3 29. Rxh3 Rg6 30. Ne6 Rf7 31. f4 Bh8 32. Kf2 Rh7 33. Rah1 b6 34.
Ng5 hxg5 35. Rxh7 Bf6 36. fxg5 Rxg5 37. R7h5 Rg4 38. Rxf5 Rxa4 39. Ke3 b5 40.
Rhf1 Ra2 41. R1f2 a4 42. Kd3 a3 43. b4 Rb2 44. Rxb2 axb2 45. Rf1 Kg7 46. Kc2
Kg6 47. Kxb2 Kg5 48. Rf3 Kg4 49. Kb3 1-0

[Event "DLM 2011"]
[Site "Xanten GER"]
[Date "2011.11.02"]
[Round "6"]
[White "Graf, Clara Victoria"]
[Black "Michels, Kim"]
[Result "1/2-1/2"]
[Termination "normal"]
[Board "4.7"]
[WhiteElo "1701"]
[BlackElo "1646"]
[WhiteTeam "Hessen"]
[BlackTeam "Thüringen"]
[PlyCount "83"]
[WhiteFideId "1270339"]
[BlackFideId "24690066"]
[EventCountry "GER"]
[EventRounds "7"]
[EventType "team-swiss"]
[EventDate "2011.10.30"]

1. e4 c5 2. Nf3 Nc6 3. Bb5 g6 4. Bxc6 dxc6 5. d3 Bg7 6. h3 Nf6 7. Nc3 Nd7 8.
Be3 b6 9. Qd2 Nf8 10. Bh6 Ne6 11. Bxg7 Nxg7 12. O-O-O Ne6 13. g4 Nd4 14. Nh2 e5
15. f4 exf4 16. Qxf4 Be6 17. Nf3 b5 18. Ng5 b4 19. Nxe6 Nxe6 20. Qe5 Qd4 21.
Qxd4 Nxd4 22. Nb1 a5 23. c3 Ne2+ 24. Kd2 bxc3+ 25. bxc3 Nf4 26. Ke3 Ne6 27. Na3
Nc7 28. Nc4 Nb5 29. Nb6 Rb8 30. Na4 Ke7 31. c4 Na3 32. Nxc5 Rb2 33. Rd2 Rxd2
34. Kxd2 Rb8 35. Nb3 a4 36. Kc3 Kd6 37. Kb2 Nxc4+ 38. dxc4 axb3 39. axb3 Ke5
40. Re1 c5 41. Kc3 Rb7 42. Re2 1/2-1/2

[Event "DLM 2011"]
[Site "Xanten GER"]
[Date "2011.11.02"]
[Round "6"]
[White "Allin, Katharina"]
[Black "Peter, Anton"]
[Result "0-1"]
[Termination "normal"]
[Board "4.8"]
[WhiteElo "1284"]
[BlackElo "1726"]
[WhiteTeam "Thüringen"]
[BlackTeam "Hessen"]
[PlyCount "74"]
[WhiteFideId "12903779"]
[BlackFideId "12901660"]
[EventCountry "GER"]
[EventRounds "7"]
[EventType "team-swiss"]
[EventDate "2011.10.30"]

1. e4 c5 2. Nf3 a6 3. c4 e6 4. d4 cxd4 5. Nxd4 Qc7 6. Nc3 Nf6 7. Be2 b6 8. a3
Bb7 9. f3 d6 10. Be3 Nbd7 11. Rc1 Be7 12. Qd2 O-O 13. O-O Rac8 14. b3 Qb8 15.
Rfd1 Rfe8 16. Bf4 e5 17. Bxe5 dxe5 18. Nf5 Bxa3 19. Ra1 Bc5+ 20. Kh1 g6 21.
Nh6+ Kg7 22. Qg5 Rcd8 23. Nf5+ Kh8 24. Ng3 Be7 25. Qe3 Nc5 26. b4 Rxd1+ 27.
Rxd1 Ncd7 28. b5 a5 29. Na4 Ba8 30. Bf1 Nc5 31. Nxc5 Bxc5 32. Qg5 Re6 33. Ne2
Rd6 34. Nc3 Qd8 35. Be2 Kg7 36. Qxe5 Rxd1+ 37. Nxd1 Qd2 0-1